00615cam a22002171 4500001001300000003000400013005001700017008004100034010001700075035002000092040002100112042001200133050002600145082001000171100002100181245005700202260005300259300004000312740002800352999001700380ca 30000993 DLC20260227111123.0851010s1929 azuac 000 0 eng  aca 30000993  a(OCoLC)12653739 aDLCcTxDaDFdDLC apremarc00aPS3545.H5183bB3 19290 a811.51 aWhite, Edward P.10aBallads of Tombstone's yesterdays,cby Ned White ... aBisbee, Ariz.b[Press of F. A. McKinney]cc1929. a64 p.billus. (incl. port.)c15 cm.0 aTombstone's yesterdays. c16675d16675